High Court Civil Application No. 27 OF 2003 (Arising from Misc. Appl. No. 70/2002) British American Tobacco Limited Vs Environmental Action Network LTD (Record no. 4134)

MARC details
000 -LEADER
fixed length control field 00505nam a22001097a 4500
008 - FIXED-LENGTH DATA ELEMENTS--GENERAL INFORMATION
fixed length control field 110627t xxu||||| |||| 00| 0 eng d
010 ## - LIBRARY OF CONGRESS CONTROL NUMBER
LC control number HCCAF122
245 ## - TITLE STATEMENT
Title High Court Civil Application No. 27 OF 2003 (Arising from Misc. Appl. No. 70/2002) British American Tobacco Limited Vs Environmental Action Network LTD
260 ## - PUBLICATION, DISTRIBUTION, ETC. (IMPRINT)
Date of publication, distribution, etc 2003
500 ## - GENERAL NOTE
General note Before: Hon. The Principal Judge- Mr. Justice J.H. Ntabgoba
Holdings
Withdrawn status Lost status Source of classification or shelving scheme Damaged status Koha normalized classification for sorting Not for loan Location (home branch) Sublocation or collection (holding branch) Shelving location Date acquired Koha issues (times borrowed) Koha full call number Piece designation (barcode) Koha date last seen Price effective from Koha item type
    Dewey Decimal Classification   HCCAF__122   Law Development Centre Main Library Law Development Centre Main Library Law Reports 06/27/2011   HCCAF_122 27/2003/001 06/27/2011 06/27/2011 Un Reported Cases